CLOUD COMPUTING (Record no. 29851)

000 -LEADER
fixed length control field 00306nam a2200133Ia 4500
008 - FIXED-LENGTH DATA ELEMENTS--GENERAL INFORMATION
fixed length control field 200615s9999||||xx |||||||||||||| ||und||
020 ## - INTERNATIONAL STANDARD BOOK NUMBER
International Standard Book Number 9788130000000
082 ## - DEWEY DECIMAL CLASSIFICATION NUMBER
Classification number 4
Item number MIC-C
100 ## - MAIN ENTRY--PERSONAL NAME
Personal name MICHAEL MILLER
245 #0 - TITLE STATEMENT
Title CLOUD COMPUTING
260 ## - PUBLICATION, DISTRIBUTION, ETC.
Place of publication, distribution, etc. New Delhi
Name of publisher, distributor, etc. PEARSON
Date of publication, distribution, etc. 2018
300 ## - PHYSICAL DESCRIPTION
Extent 804
942 ## - ADDED ENTRY ELEMENTS (KOHA)
Koha item type Book
Holdings
Withdrawn status Lost status Source of classification or shelving scheme Damaged status Not for loan Collection code Permanent Location Current Location Shelving location Date acquired Total Checkouts Full call number Barcode Date last seen Price effective from Koha item type
          School of Computer Science Maharishi School of Engineering & Technology (Lucknow) Maharishi School of Engineering & Technology (Lucknow) R61S5 2020-06-15   000 SOC4239 2020-06-15 2020-06-15 Reference Book

All Rights Reserved@MUIT

Powered by Koha